[Event "40th IND-chT Open 2020"]
[Site "Ahmedabad"]
[Date "2020.02.10"]
[Round "6.1"]
[White "Adhiban, B.."]
[Black "Ravi, Teja S."]
[Result "1/2-1/2"]
[WhiteElo "2654"]
[BlackElo "2470"]
[Annotator "TA"]
[PlyCount "147"]
[EventDate "2020.02.05"]
[EventCountry "IND"]
[SourceTitle "playchess.com"]
[Source "ChessBase"]
[SourceQuality "1"]

{[%evp 9,147,24,28,0,-3,-6,-1,-4,0,0,0,0,0,-6,0,0,0,0,0,-16,-8,-26,0,0,108,2,31,25,35,0,0,-11,-10,-12,32,20,46,0,0,-16,0,-16,-29,-18,-33,-40,-22,-52,0,0,0,0,0,0,0,0,0,0,0,0,29,35,51,47,46,39,32,33,31,0,39,39,39,39,39,39,40,40,40,40,40,40,40,47,50,19,19,19,19,19,19,20,20,20,33,33,33,33,55,20,91,32,39,33,87,87,87,87,87,51,87,89,89,89,89,89,97,87,87,87,87,87,87,51,51,51,51,51,51,8,8,8,8,8,8,8,8,8,8,419]} 1. d4 d5 2. c4 e6 3. Nc3 Nf6 4. Nf3 dxc4 5. e4 Bb4 6. Bxc4 {D24: Queen's Gambit Accepted: 3 Nf3 Nf6 4 Nc3.} (6. Bg5 {feels hotter.} c5 7. Bxc4 O-O 8. O-O cxd4 9. Nxd4 h6 10. Bf4) 6... Nxe4 7. O-O Nxc3 8. bxc3 Be7 9. Qe2 O-O 10. Rd1 Nd7 11. Ne5 Qe8 12. Rb1 Nb6 13. Bd3 f6 {[#]} 14. Nf3 $146 ({Predecessor:} 14. Qc2 Qh5 15. Be2 Qf5 16. Bd3 Qh5 17. Be2 Qe8 18. Bd3 Qh5 19. Be2 {½-½ (19) Endsley,B (2254)-Voveris,G (2415) ICCF email 2019}) 14... c5 15. Qc2 f5 16. Bb5 Qh5 (16... Qf7 $11) 17. Ne5 (17. Ba3 $16) 17... Nd5 18. Be2 Qe8 19. Bf3 cxd4 20. Bxd5 exd5 21. cxd4 f4 22. Qb3 {[%mdl 1024] White has compensation.} Qd8 23. f3 Rf6 24. Qc3 b6 25. Nc6 Qc7 26. Nxe7+ Qxe7 27. Re1 Qf7 28. Ba3 Re6 (28... Ba6 $15) 29. Qd2 $11 g5 30. Rbc1 Ba6 31. Rxe6 Qxe6 32. Re1 Qg6 33. h4 gxh4 {With the idea ...h3.} 34. Qxf4 h3 {[%csl Gh3][%cal Rg6g2]} 35. g4 h6 36. Kh2 Re8 37. Qf5 Qf7 ({Don't go for} 37... Re2+ $2 38. Rxe2 Qxf5 39. Re8+ Kg7 40. gxf5 $18) 38. Rxe8+ Qxe8 39. Qxd5+ (39. Kxh3 {is more complex.} Qf7 40. Qxf7+ Kxf7 41. Bd6 Be2 42. Kg3) 39... Qf7 40. Qxf7+ Kxf7 41. Kxh3 $14 {[%mdl 4096] Endgame KB-KB} Bc4 42. Bc1 Kg6 43. a3 h5 $1 44. Kh4 hxg4 45. fxg4 Bb3 46. Bf4 b5 47. Bc7 Kf6 48. Kg3 Ke6 49. Kf4 Kd5 50. Ke3 $1 Bd1 51. g5 Bc2 52. Kd2 $1 {[%cal Rd2c2]} Bg6 53. Kc3 Ke4 54. Bd8 Bf7 (54... a6 $11 {remains equal.}) 55. Ba5 (55. Kb4 $1 $16) 55... Kd5 56. Bb4 Ke4 ({Better is} 56... Bg6 $14) 57. Bc5 $1 $16 a5 {[#]} 58. Bb6 $1 Kf5 59. Bd8 Kf4 60. Bxa5 Kxg5 61. Kb4 Be8 62. Kc5 Kf5 63. Bc3 Ke6 64. d5+ Kd7 {[#]} 65. Bb4 $1 Kc7 66. Ba5+ Kd7 67. Bb6 Bf7 68. Ba7 Bg6 69. Kxb5 Be4 {The position is equal.} 70. Kc5 Bxd5 $1 71. Kxd5 Kc7 72. a4 Kb7 73. Bd4 Ka8 74. Ke4 $2 {[%mdl 40960] Accuracy: White = 80%, Black = 84%. . An unexpected result.} (74. Bf2 $11) 1/2-1/2

[Event "40th IND-chT Open 2020"]
[Site "Ahmedabad"]
[Date "2020.02.10"]
[Round "6.2"]
[White "Shyaamnikhil P"]
[Black "Gupta, Abhijeet"]
[Result "1/2-1/2"]
[WhiteElo "2460"]
[BlackElo "2608"]
[Annotator "RC"]
[PlyCount "74"]
[EventDate "2020.02.05"]
[EventCountry "IND"]
[SourceTitle "playchess.com"]
[Source "ChessBase"]
[SourceQuality "1"]
[TimeControl "5400+30"]

1. c4 {[%emt 0:00:23]} Nf6 {[%emt 0:00:00]} 2. Nc3 {[%emt 0:01:42]} e5 {[%emt 0:00:00]} 3. d3 {[%emt 0:02:12]} Bb4 {[%emt 0:01:25]} 4. Bd2 {[%emt 0:00:41]} O-O {[%emt 0:00:17]} 5. a3 {[%emt 0:02:54]} Bxc3 {[%emt 0:00:05]} 6. Bxc3 {[%emt 0:00:08]} Re8 {[%emt 0:00:03]} 7. Nf3 {[%emt 0:03:50]} e4 {[%emt 0:00:11]} 8. dxe4 {[%emt 0:00:34]} Nxe4 {[%emt 0:00:03]} 9. Rc1 {[%emt 0:00:06]} a5 {[%emt 0:02:40]} 10. Qd4 {[%emt 0:03:29]} Nxc3 {[%emt 0:01:10]} 11. Qxc3 {[%emt 0:00:12]} d6 {[%emt 0:00:25]} 12. e3 {[%emt 0:02:41]} Nd7 {[%emt 0:00:54]} 13. b4 {[%emt 0:10:33]} axb4 {[%emt 0:00:27]} 14. axb4 {[%emt 0:00:06]} Qf6 {[%emt 0:00:22]} 15. Nd4 {[%emt 0:02:22]} c5 {[%emt 0:04:15]} 16. bxc5 {[%emt 0:02:05]} Nxc5 {[%emt 0:04:55]} 17. Bd3 {[%emt 0:08:43]} Qg5 {[%emt 0:01:13]} 18. Kf1 {[%emt 0:01:19]} b6 {[%emt 0:08:36]} 19. h4 {[%emt 0:07:39]} Qf6 {[%emt 0:00:04]} 20. Bb1 {[%emt 0:00:56]} Ne4 {[%emt 0:08:29]} 21. Bxe4 {[%emt 0:01:08]} Rxe4 {[%emt 0:00:03]} 22. Kg1 {[%emt 0:05:38]} Ra2 {[%emt 0:07:17]} 23. Rc2 {[%emt 0:11:24]} Ra5 {[%emt 0:00:25]} 24. Nb3 {[%emt 0:11:40]} Qxc3 {[%emt 0:12:41]} 25. Rxc3 {[%emt 0:00:05]} Ra3 {[%emt 0:00:03]} 26. f3 {[%emt 0:01:02]} Re8 {[%emt 0:00:04]} 27. Kf2 {[%emt 0:01:32]} Be6 {[%emt 0:00:05]} 28. Rhc1 {[%emt 0:04:23]} b5 {[%emt 0:10:12]} 29. Nd2 {[%emt 0:00:11]} Rxc3 {[%emt 0:05:25]} 30. Rxc3 {[%emt 0:00:06]} bxc4 {[%emt 0:00:29]} 31. e4 {[%emt 0:00:06]} f5 {[%emt 0:08:29]} 32. Ke3 {[%emt 0:01:51]} d5 {[%emt 0:01:05]} 33. exd5 {[%emt 0:01:00]} Bxd5+ {[%emt 0:00:34]} 34. Kd4 {[%emt 0:01:05]} Rd8 {[%emt 0:02:11]} 35. Ke3 {[%emt 0:01:07]} Re8+ {[%emt 0:10:40]} 36. Kd4 {[%emt 0:00:07]} Rd8 {[%emt 0:00:17]} 37. Ke3 {[%emt 0:00:06]} Re8+ {[%emt 0:00:20]} 1/2-1/2

[Event "40th IND-chT Open 2020"]
[Site "Ahmedabad"]
[Date "2020.02.10"]
[Round "6.3"]
[White "Karthikeyan, Murali"]
[Black "Deepan Chakkravarthy J."]
[Result "1-0"]
[WhiteElo "2602"]
[BlackElo "2545"]
[Annotator "TA"]
[PlyCount "79"]
[EventDate "2020.02.05"]
[EventCountry "IND"]
[SourceTitle "playchess.com"]
[Source "ChessBase"]
[SourceQuality "1"]

{[%evp 18,79,30,29,37,-23,-7,-27,-28,-19,-20,-23,0,0,0,-16,-12,-6,0,0,40,39,38,36,32,30,37,42,42,34,95,69,235,235,239,247,247,210,252,243,278,278,278,278,278,277,278,278,278,266,252,270,310,310,343,227,618,624,612,604,578,552,578,557]} 1. e4 e5 2. Nf3 Nc6 3. Bb5 Nf6 4. O-O Nxe4 5. d4 Nd6 6. Bxc6 dxc6 7. dxe5 Nf5 8. Qxd8+ Kxd8 9. Nc3 {9.h3 gains popularity.} Bd7 10. Rd1 Kc8 {C67: Ruy Lopez: Berlin Defence: 4 0-0 Nxe4.} 11. h3 (11. Ng5 $14 Be8 12. b3) 11... h6 12. a4 $5 {[%mdl 4] A promising side line.} a5 {Black has an edge.} 13. b3 b6 14. Bb2 Ne7 15. Rd2 c5 16. Rad1 Be6 $1 17. Ne2 Ng6 {[#]} 18. h4 $5 $146 {[%mdl 8] White has the initiative. An interesting novelty.} ({Predecessor:} 18. c4 Be7 19. Nc3 Kb7 20. Nd5 Rad8 21. Nxe7 Rxd2 22. Nxd2 Nxe7 23. Nf1 Kc8 24. f3 {0-1 (41) Grischuk,A (2764)-Kramnik,V (2810) London 2013}) 18... Kb7 19. h5 Ne7 20. Nf4 Bg4 21. e6 fxe6 22. Re1 $1 {[#] Hoping for Ne5.} Bxf3 23. gxf3 Nf5 (23... e5 $14 24. Bxe5 Nc6) 24. Ng6 (24. Nxe6 Bd6 $14) 24... Bd6 $2 ({Better is} 24... Rg8 $14) 25. Nxh8 $18 Rxh8 26. Rxe6 Rf8 27. Rd3 Rf7 28. Re4 Kc6 29. Kg2 Ne7 {Now ...Nd5 and Black clings on.} 30. c4 Kd7 31. Rg4 Nf5 32. Kh3 Ke8 33. Re4+ Kd7 34. Kg4 Ne7 35. Be5 Rf5 {If only Black now had time for ...Rg5+....} 36. f4 {[#] Black must now prevent Bxd6.} g6 $2 (36... Rf7 37. Rd1 Nf5) 37. hxg6 {White is clearly winning.} h5+ 38. Kg3 Nxg6 39. Bxd6 cxd6 40. Rd5 {Accuracy: White = 89%, Black = 65%.} 1-0

[Event "40th IND-chT Open 2020"]
[Site "Ahmedabad"]
[Date "2020.02.10"]
[Round "6.4"]
[White "Swapnil, S. Dhopade"]
[Black "Lalith Babu M R"]
[Result "1/2-1/2"]
[WhiteElo "2495"]
[BlackElo "2550"]
[Annotator "ChessBase"]
[PlyCount "62"]
[EventDate "2020.02.05"]
[EventCountry "IND"]
[SourceTitle "playchess.com"]
[Source "ChessBase"]
[SourceQuality "1"]
[TimeControl "5400+30"]

1. Nf3 {[%emt 0:00:00]} Nf6 {[%emt 0:00:00]} 2. g3 {[%emt 0:00:00]} g6 {[%emt 0:00:02]} 3. b3 {[%emt 0:00:28]} Bg7 {[%emt 0:00:21]} 4. Bb2 {[%emt 0:00:06]} O-O {[%emt 0:00:15]} 5. Bg2 {[%emt 0:00:04]} d6 {[%emt 0:00:10]} 6. d4 {[%emt 0:00:04]} c5 {[%emt 0:00:05]} 7. O-O {[%emt 0:04:35]} cxd4 {[%emt 0:00:09]} 8. Nxd4 {[%emt 0:00:04]} d5 {[%emt 0:00:09]} 9. c4 {[%emt 0:00:04]} dxc4 {[%emt 0:00:26]} 10. bxc4 {[%emt 0:00:07]} Qb6 {[%emt 0:00:07]} 11. Qc1 {[%emt 0:01:12]} Bd7 {[%emt 0:17:37]} 12. Nd2 {[%emt 0:02:10]} Bh6 {[%emt 0:02:22]} 13. Rb1 {[%emt 0:09:01]} Qa6 {[%emt 0:02:22]} 14. e3 {[%emt 0:14:46]} Rc8 {[%emt 0:10:40]} 15. Ba3 {[%emt 0:16:28]} Nc6 {[%emt 0:00:58]} 16. Nxc6 {[%emt 0:15:52]} Bxc6 {[%emt 0:00:17]} 17. Bxe7 {[%emt 0:02:23]} Bxg2 {[%emt 0:03:25]} 18. Kxg2 {[%emt 0:00:01]} Qc6+ {[%emt 0:15:12]} 19. Kg1 {[%emt 0:03:38]} Ne4 {[%emt 0:00:40]} 20. Qc2 {[%emt 0:08:43]} Nxd2 {[%emt 0:01:43]} 21. Qxd2 {[%emt 0:00:33]} b6 {[%emt 0:00:43]} 22. Rbc1 {[%emt 0:02:03]} Qe4 {[%emt 0:08:11]} 23. Bf6 {[%emt 0:03:37]} Rxc4 {[%emt 0:00:44]} 24. Rxc4 {[%emt 0:00:39]} Qxc4 {[%emt 0:00:04]} 25. Rc1 {[%emt 0:01:08]} Qe6 {[%emt 0:01:56]} 26. Bb2 {[%emt 0:00:25]} Bg7 {[%emt 0:00:15]} 27. Bxg7 {[%emt 0:00:05]} Kxg7 {[%emt 0:00:03]} 28. Rc7 {[%emt 0:00:12]} a6 {[%emt 0:00:11]} 29. a4 {[%emt 0:06:15]} Qf6 {[%emt 0:03:59]} 30. Qd5 {[%emt 0:01:14]} Re8 {[%emt 0:00:42]} 31. Kg2 {[%emt 0:00:47]} Qe6 {[%emt 0:02:33]} 1/2-1/2

[Event "40th IND-chT Open 2020"]
[Site "Ahmedabad"]
[Date "2020.02.10"]
[Round "6.5"]
[White "Krishna C R G"]
[Black "Raja Harshit"]
[Result "1-0"]
[WhiteElo "2443"]
[BlackElo "2472"]
[Annotator "RC"]
[PlyCount "99"]
[EventDate "2020.02.05"]
[EventCountry "IND"]
[SourceTitle "playchess.com"]
[Source "ChessBase"]
[SourceQuality "1"]
[TimeControl "5400+30"]

1. d4 {[%emt 0:00:00]} Nf6 {[%emt 0:00:00]} 2. c4 {[%emt 0:00:00]} e6 {[%emt 0:00:00]} 3. g3 {[%emt 0:00:00]} d5 {[%emt 0:00:42]} 4. Nf3 {[%emt 0:00:00]} Be7 {[%emt 0:00:07]} 5. Bg2 {[%emt 0:00:00]} O-O {[%emt 0:00:06]} 6. O-O {[%emt 0:00:00]} dxc4 {[%emt 0:00:04]} 7. Qc2 {[%emt 0:00:02]} a6 {[%emt 0:00:11]} 8. a4 {[%emt 0:00:04]} Bd7 {[%emt 0:00:04]} 9. Rd1 {[%emt 0:00:14]} Bc6 {[%emt 0:10:50]} 10. Nc3 {[%emt 0:00:18]} Bxf3 {[%emt 0:02:35]} 11. Bxf3 {[%emt 0:00:02]} Nc6 {[%emt 0:00:15]} 12. Bxc6 {[%emt 0:00:36]} bxc6 {[%emt 0:00:04]} 13. a5 {[%emt 0:00:06]} Rb8 {[%emt 0:00:19]} 14. Qa4 {[%emt 0:00:06]} Rb4 {[%emt 0:09:40]} 15. Qxc6 {[%emt 0:00:06]} Qd6 {[%emt 0:01:15]} 16. Qf3 {[%emt 0:00:08]} Nd5 {[%emt 0:06:57]} 17. e4 {[%emt 0:27:01]} Nxc3 {[%emt 0:00:19]} 18. bxc3 {[%emt 0:00:04]} Rb3 {[%emt 0:00:41]} 19. Bf4 {[%emt 0:00:26]} Qc6 {[%emt 0:08:16]} 20. Be5 {[%emt 0:07:08]} f6 {[%emt 0:04:55]} 21. d5 {[%emt 0:05:49]} Qb7 {[%emt 0:09:50]} 22. d6 {[%emt 0:04:31]} cxd6 {[%emt 0:01:23]} 23. Bxd6 {[%emt 0:00:02]} Rc8 {[%emt 0:14:37]} 24. Rd4 {[%emt 0:15:14]} Rd8 {[%emt 0:06:46]} 25. Rad1 {[%emt 0:08:53]} Bxd6 {[%emt 0:08:53]} 26. Rxd6 {[%emt 0:00:03]} Rxd6 {[%emt 0:00:07]} 27. Rxd6 {[%emt 0:00:06]} Kf7 {[%emt 0:01:48]} 28. Qg4 {[%emt 0:08:15]} Qc8 {[%emt 0:05:38]} 29. e5 {[%emt 0:03:21]} Rxc3 {[%emt 0:03:28]} 30. exf6 {[%emt 0:08:48]} g6 {[%emt 0:04:14]} 31. Qe4 {[%emt 0:10:07]} Rb3 {[%emt 0:00:52]} 32. Rc6 {[%emt 0:01:20]} Qd7 {[%emt 0:00:14]} 33. Rxc4 {[%emt 0:00:36]} Rb5 {[%emt 0:00:44]} 34. Qc2 {[%emt 0:01:02]} Kxf6 {[%emt 0:00:15]} 35. Qc3+ {[%emt 0:00:31]} e5 {[%emt 0:00:09]} 36. Rc6+ {[%emt 0:00:09]} Kg5 {[%emt 0:00:29]} 37. Qe3+ {[%emt 0:02:11]} Kh5 {[%emt 0:01:43]} 38. Rc4 {[%emt 0:00:17]} g5 {[%emt 0:00:00]} 39. g4+ {[%emt 0:01:11]} Kh6 {[%emt 0:00:00]} 40. h4 {[%emt 0:00:11]} Qd8 {[%emt 0:00:09]} 41. hxg5+ {[%emt 0:00:56]} Kg7 {[%emt 0:00:01]} 42. Qa7+ {[%emt 0:00:22]} Kg8 {[%emt 0:00:04]} 43. Qxa6 {[%emt 0:00:33]} Rxa5 {[%emt 0:00:51]} 44. Qb7 {[%emt 0:00:29]} Ra8 {[%emt 0:00:24]} 45. Rc7 {[%emt 0:00:30]} Qf8 {[%emt 0:00:46]} 46. Qd5+ {[%emt 0:00:14]} Kh8 {[%emt 0:00:22]} 47. Qxe5+ {[%emt 0:00:02]} Kg8 {[%emt 0:00:03]} 48. Qe4 {[%emt 0:00:28]} Ra1+ {[%emt 0:00:23]} 49. Kg2 {[%emt 0:00:02]} Qa8 {[%emt 0:00:07]} 50. Rb7 {[%emt 0:00:38]} 1-0

[Event "40th IND-chT Open 2020"]
[Site "Ahmedabad"]
[Date "2020.02.10"]
[Round "6.6"]
[White "Puranik, Abhimanyu"]
[Black "Das, Sayantan"]
[Result "1-0"]
[WhiteElo "2597"]
[BlackElo "2426"]
[Annotator "TA"]
[PlyCount "93"]
[EventDate "2020.02.05"]
[EventCountry "IND"]
[SourceTitle "playchess.com"]
[Source "ChessBase"]
[SourceQuality "1"]

{[%evp 11,93,10,18,12,4,0,0,-2,23,0,0,0,0,0,0,0,11,6,7,9,8,8,8,0,0,0,24,14,11,11,26,25,29,29,47,29,29,20,38,15,30,30,85,80,74,74,110,118,118,109,168,168,198,137,186,129,129,123,147,106,113,106,195,195,195,195,183,185,235,211,854,892,792,746,714,597,1719,1690,1353,1179,5065,1838,5110,4729]} 1. e4 e6 2. d4 d5 3. Nd2 c5 4. Ngf3 cxd4 5. Nxd4 Nf6 6. exd5 Nxd5 7. Ne4 {C07: French Tarrasch: 3...c5, 4 Ngf3 and 4 exd5 Qxd5.} Be7 8. Bc4 $1 {[%mdl 4] now scores much better than the old 8.Be2.} O-O 9. O-O {The position is equal.} a6 10. a4 Nf6 {[#]} 11. Nxf6+ $146 ({Predecessor:} 11. Ng5 Qc7 12. Qe2 Nc6 13. Nxc6 Qxc6 14. Nf3 Qe4 15. Be3 Nd5 16. Bd3 Qb4 17. Bd4 {1-0 (30) Leventic,I (2479)-Tarakcija,H (2252) Osijek 2005}) 11... Bxf6 12. Be3 Qc7 13. Qe2 Bd7 14. c3 Nc6 15. Nxc6 Bxc6 16. a5 Qe5 17. Rfd1 Rfd8 18. Bb6 {Rxd8+ is the strong threat.} Qxe2 (18... Rxd1+ {is more complex.} 19. Rxd1 Qg5 20. g3 g6 21. Rd2 h5) 19. Bxe2 Rxd1+ 20. Rxd1 Kf8 21. f4 Ke8 22. Kf2 Rc8 23. g3 g6 24. Ke3 Ba4 25. Rd2 Be7 26. Bd4 Bc5 (26... Bb5 $11) 27. Bxc5 $16 Rxc5 {[%mdl 4096] Endgame KRB-KRB} 28. c4 $1 e5 29. b4 $1 {[%cal Rb4c5,Bb2b4,Bb4b5,Bb5b6][%mdl 32]} exf4+ 30. gxf4 Rc7 (30... Rc8 $16) 31. b5 $1 $18 Re7+ 32. Kf2 ({White should try} 32. Kd4 $1 $18) 32... Rd7 33. Rb2 ({White should play} 33. Rxd7 $18 Kxd7 34. Ke3) 33... Bd1 $16 34. Bf1 $1 Bg4 35. b6 $1 {And now c5 would win.} Be6 36. Bg2 {Strongly threatening c5.} Kd8 (36... Bxc4 $16 {is a better defense.} 37. Bc6 bxc6) 37. c5 $18 {Black must now prevent c6.} Kc8 38. c6 $1 {[%cal Rc6d7]} bxc6 39. Bxc6 Rd4 40. Ke3 Rc4 $2 {[#]} (40... Rd1 41. Rc2 Re1+ 42. Kf2 Ra1) 41. b7+ $1 {White is clearly winning.} Kb8 42. Rb6 Rc3+ 43. Kd2 Rxc6 44. Rxc6 Kxb7 45. Rb6+ Ka7 46. Ke3 (46. Kd3 $142 h6 {[#]} 47. Rxe6 $1 {[%mdl 512]} fxe6 48. Ke4) 46... h6 47. h4 {Accuracy: White = 94%, Black = 57%.} 1-0

[Event "40th IND-chT Open 2020"]
[Site "Ahmedabad"]
[Date "2020.02.10"]
[Round "6.7"]
[White "Thejkumar, M. S."]
[Black "Visakh N R"]
[Result "0-1"]
[WhiteElo "2438"]
[BlackElo "2518"]
[Annotator "ChessBase"]
[PlyCount "56"]
[EventDate "2020.02.05"]
[EventCountry "IND"]
[SourceTitle "playchess.com"]
[Source "ChessBase"]
[SourceQuality "1"]
[TimeControl "5400+30"]

1. d4 {[%emt 0:00:00]} Nf6 {[%emt 0:00:00]} 2. Nf3 {[%emt 0:00:00]} e6 {[%emt 0:01:27]} 3. c4 {[%emt 0:00:05]} d5 {[%emt 0:00:07]} 4. Nc3 {[%emt 0:00:21]} a6 {[%emt 0:00:16]} 5. cxd5 {[%emt 0:16:56]} exd5 {[%emt 0:00:40]} 6. Bg5 {[%emt 0:00:05]} Be6 {[%emt 0:00:06]} 7. e3 {[%emt 0:00:36]} Nbd7 {[%emt 0:03:53]} 8. Bd3 {[%emt 0:06:23]} h6 {[%emt 0:08:05]} 9. Bf4 {[%emt 0:00:26]} g5 {[%emt 0:01:33]} 10. Bg3 {[%emt 0:00:26]} Nh5 {[%emt 0:00:36]} 11. e4 {[%emt 0:11:47]} c6 {[%emt 0:13:50]} 12. exd5 {[%emt 0:03:12]} cxd5 {[%emt 0:01:04]} 13. O-O {[%emt 0:09:12]} Nxg3 {[%emt 0:03:00]} 14. hxg3 {[%emt 0:00:10]} Bd6 {[%emt 0:01:14]} 15. Re1 {[%emt 0:01:53]} Kf8 {[%emt 0:01:06]} 16. Rc1 {[%emt 0:03:34]} Kg7 {[%emt 0:11:09]} 17. Na4 {[%emt 0:05:09]} Qf6 {[%emt 0:11:50]} 18. Nc5 {[%emt 0:04:39]} Nxc5 {[%emt 0:09:24]} 19. dxc5 {[%emt 0:00:20]} Bc7 {[%emt 0:00:03]} 20. Bc2 {[%emt 0:05:57]} Rae8 {[%emt 0:01:47]} 21. Qd3 {[%emt 0:03:18]} h5 {[%emt 0:04:06]} 22. b4 {[%emt 0:13:26]} h4 {[%emt 0:01:31]} 23. gxh4 {[%emt 0:04:59]} g4 {[%emt 0:01:04]} 24. Ng5 {[%emt 0:01:45]} Rxh4 {[%emt 0:00:49]} 25. g3 {[%emt 0:04:29]} Rh2 {[%emt 0:02:08]} 26. Kxh2 {[%emt 0:01:44]} Qxf2+ {[%emt 0:00:02]} 27. Kh1 {[%emt 0:00:08]} Rh8+ {[%emt 0:00:02]} 28. Nh7 {[%emt 0:00:35]} f5 {[%emt 0:00:05]} 0-1

[Event "40th IND-chT Open 2020"]
[Site "Ahmedabad"]
[Date "2020.02.10"]
[Round "6.8"]
[White "Sai Agni Jeevitesh, J."]
[Black "Laxman, R.R."]
[Result "1-0"]
[WhiteElo "2310"]
[BlackElo "2432"]
[Annotator "ChessBase"]
[PlyCount "87"]
[EventDate "2020.02.05"]
[EventCountry "IND"]
[SourceTitle "playchess.com"]
[Source "ChessBase"]
[SourceQuality "1"]
[TimeControl "5400+30"]

1. d4 {[%emt 0:00:00]} Nf6 {[%emt 0:00:00]} 2. c4 {[%emt 0:00:00]} e6 {[%emt 0:00:00]} 3. Nc3 {[%emt 0:00:00]} Bb4 {[%emt 0:00:00]} 4. e3 {[%emt 0:00:00]} d5 {[%emt 0:00:11]} 5. Bd2 {[%emt 0:00:08]} O-O {[%emt 0:01:32]} 6. Nf3 {[%emt 0:00:10]} b6 {[%emt 0:01:01]} 7. cxd5 {[%emt 0:00:48]} exd5 {[%emt 0:00:15]} 8. Rc1 {[%emt 0:00:15]} Bb7 {[%emt 0:02:13]} 9. Bd3 {[%emt 0:00:07]} Nbd7 {[%emt 0:00:35]} 10. O-O {[%emt 0:00:20]} a6 {[%emt 0:01:57]} 11. Ne5 {[%emt 0:00:21]} Bd6 {[%emt 0:06:27]} 12. f4 {[%emt 0:00:39]} c5 {[%emt 0:00:47]} 13. Qf3 {[%emt 0:01:37]} cxd4 {[%emt 0:02:36]} 14. exd4 {[%emt 0:00:32]} b5 {[%emt 0:00:10]} 15. Qh3 {[%emt 0:12:42]} Nb6 {[%emt 0:01:30]} 16. Be1 {[%emt 0:11:55]} Ne4 {[%emt 0:03:24]} 17. Bh4 {[%emt 0:02:25]} Qe8 {[%emt 0:04:36]} 18. Nxe4 {[%emt 0:19:45]} dxe4 {[%emt 0:00:43]} 19. Bc2 {[%emt 0:00:01]} f6 {[%emt 0:07:58]} 20. Bb3+ {[%emt 0:01:24]} Kh8 {[%emt 0:00:17]} 21. Ng4 {[%emt 0:00:16]} Bd5 {[%emt 0:02:11]} 22. Ne3 {[%emt 0:06:18]} Bxb3 {[%emt 0:00:37]} 23. axb3 {[%emt 0:00:02]} Bb4 {[%emt 0:01:28]} 24. Be1 {[%emt 0:07:32]} Bxe1 {[%emt 0:00:34]} 25. Rfxe1 {[%emt 0:00:01]} Qd8 {[%emt 0:07:08]} 26. Rc5 {[%emt 0:06:15]} Rf7 {[%emt 0:05:31]} 27. d5 {[%emt 0:03:02]} Rc8 {[%emt 0:12:12]} 28. b4 {[%emt 0:03:27]} Rfc7 {[%emt 0:01:19]} 29. Rec1 {[%emt 0:01:45]} Nc4 {[%emt 0:00:15]} 30. Nxc4 {[%emt 0:05:00]} Rxc5 {[%emt 0:01:58]} 31. bxc5 {[%emt 0:00:09]} Rxc5 {[%emt 0:00:10]} 32. Qe6 {[%emt 0:02:55]} bxc4 {[%emt 0:01:30]} 33. d6 {[%emt 0:01:06]} Qg8 {[%emt 0:02:38]} 34. f5 {[%emt 0:03:26]} e3 {[%emt 0:01:17]} 35. Rd1 {[%emt 0:02:41]} e2 {[%emt 0:01:54]} 36. Qxe2 {[%emt 0:00:33]} Re5 {[%emt 0:00:10]} 37. Qf3 {[%emt 0:01:54]} Qd8 {[%emt 0:01:05]} 38. d7 {[%emt 0:00:53]} Kg8 {[%emt 0:00:04]} 39. Qc6 {[%emt 0:00:52]} Kf8 {[%emt 0:00:04]} 40. Qxc4 {[%emt 0:02:19]} a5 {[%emt 0:00:39]} 41. Rd5 {[%emt 0:02:03]} Rxd5 {[%emt 0:00:45]} 42. Qxd5 {[%emt 0:00:02]} Qb6+ {[%emt 0:00:07]} 43. Kf1 {[%emt 0:00:44]} Ke7 {[%emt 0:00:11]} 44. Qe6+ {[%emt 0:00:22]} 1-0

[Event "40th IND-chT Open 2020"]
[Site "Ahmedabad"]
[Date "2020.02.10"]
[Round "6.9"]
[White "Narayanan, Srinath"]
[Black "Erigaisi Arjun"]
[Result "0-1"]
[WhiteElo "2535"]
[BlackElo "2563"]
[Annotator "TA"]
[PlyCount "80"]
[EventDate "2020.02.05"]
[EventCountry "IND"]
[SourceTitle "playchess.com"]
[Source "ChessBase"]
[SourceQuality "1"]

{[%evp 16,80,0,4,33,27,64,6,39,36,22,-34,-44,-14,81,39,90,0,0,-16,-6,-22,-21,-24,-35,-35,0,-8,-4,-73,-18,-107,0,-31,-18,-31,-27,-33,-37,-43,0,-56,-63,-149,-167,-407,-392,-391,-410,-408,-391,-406,-402,-395,-393,-443,-432,-475,-439,-555,-560,-705,-683,-692,-700,-660,-636]} 1. e4 e6 2. d4 d5 3. exd5 exd5 4. Nf3 Bd6 5. Bd3 Nc6 6. c3 Nge7 7. Qc2 Bg4 8. Nbd2 Qd7 9. O-O O-O-O {C01: French: Exchange Variation.} 10. b4 Rde8 11. a4 (11. b5 $14 Nd8 12. Ne5 Bxe5 13. dxe5) 11... f6 {The position is equal.} 12. a5 Nd8 {[#]} 13. c4 $146 ({White should try} 13. Re1 $11) ({Predecessor:} 13. b5 Ne6 14. c4 dxc4 15. Qxc4 Nf4 16. Bb2 Nxd3 17. Qxd3 {0-1 (17) Kaminska,P (1989)-Maszota,N (2076) Wysowa 2005}) 13... dxc4 $15 14. Bxc4 Ng6 (14... Bxb4 $11 15. Ba3 Bxa3 16. Rxa3 Be6) 15. b5 $16 Kb8 16. a6 (16. Qb3 $16) 16... b6 $11 17. Ba3 Nf4 {[#] And now ...Bxf3 would win.} 18. Bxd6 cxd6 19. Rfc1 d5 20. Bf1 $1 Nf7 21. Qb3 Rc8 22. Ne1 (22. Qa4 $11) 22... Nd6 (22... Ne2+ $17 23. Bxe2 Bxe2) 23. Rc6 {[#]} (23. Ndf3 $1 $11 {remains equal.}) 23... g5 (23... Be2 $1 $17 {Threatens to win with ...Bxf1.} 24. Nd3 Bxd3 25. Rxc8+ Rxc8 26. Bxd3 Nxd3 27. Qxd3 Nxb5) 24. f3 Be6 $36 {[%mdl 2048] Black has the initiative.} 25. Rac1 Nc4 26. Rxc8+ Rxc8 27. Qb4 Rd8 28. Nc2 (28. g3 $11 Nh3+ 29. Kh1 (29. Bxh3 Bxh3 30. Nxc4 dxc4 $15)) 28... Bf5 $15 29. Na3 (29. Qc3 $15) 29... Bd3 $17 {White must now prevent ...Bxf1.} 30. Re1 $2 (30. g3 {is a better defense.} Bxf1 31. gxf4) 30... Bxf1 $19 31. Re7 Qd6 32. Qxd6+ Rxd6 ({And not} 32... Nxd6 33. Kxf1 Re8 34. Rxe8+ Nxe8 35. Ndb1 $11) 33. Rb7+ Ka8 34. Rxh7 {White wants to mate with Rh8+.} Rd8 35. Nxf1 Nxa3 {Black is clearly winning.} 36. Ne3 Nxb5 37. g3 Ne6 38. Nc2 Nbxd4 39. Nb4 Nxf3+ 40. Kf2 Ne5 {Accuracy: White = 49%, Black = 71%.} 0-1